Odbudowa Państwa Polskiego 1914-1918
| Main Author: | |
|---|---|
| Format: | Book |
| Language: | English |
| PhysicalDescription: | 384 s. fotografie |
| Published: |
Warszawa
Państwowe wydawnictwo naukowe
1985
|
MARC
| LEADER | 00000nam a2200000 a 4500 | ||
|---|---|---|---|
| 001 | vtls009155754 | ||
| 003 | SK-MaSNL | ||
| 005 | 20260301101005.0 | ||
| 008 | 240318 000 0 eng | ||
| 040 | |a SNK |b slo |c SNK |e AACR2 | ||
| 100 | 1 | |a Pajewski, Janusz |4 aut |9 434609 | |
| 245 | 1 | 0 | |a Odbudowa Państwa Polskiego |b 1914-1918 |c Janusz Pajewski |
| 260 | |a Warszawa |b Państwowe wydawnictwo naukowe |c 1985 | ||
| 300 | |a 384 s. |e fotografie | ||
| 999 | |c 687961 |d 689891 | ||
| 952 | |a SNK |b SNK |y VYP |7 0 |p 17A0565952 |o snkIC 103223 |i snkV 2902/86 |8 2 |3 rekatalogizácia |0 0 |1 0 |4 0 |d 2007-11-05 |l 0 |r 2026-02-23 20:17:52 |w 2026-02-23 | ||


